<?xml version="1.0" encoding="UTF-8"?>
<record
    xmlns:xsi="http://www.w3.org/2001/XMLSchema-instance"
    xsi:schemaLocation="http://www.loc.gov/MARC21/slim http://www.loc.gov/standards/marcxml/schema/MARC21slim.xsd"
    xmlns="http://www.loc.gov/MARC21/slim">

  <leader>00459nam a2200145Ia 4500</leader>
  <controlfield tag="008">230917s9999||||xx |||||||||||||| ||und||</controlfield>
  <datafield tag="020" ind1=" " ind2=" ">
    <subfield code="c">RS30</subfield>
  </datafield>
  <datafield tag="040" ind1=" " ind2=" ">
    <subfield code="e">169436</subfield>
    <subfield code="a">MAIN</subfield>
  </datafield>
  <datafield tag="041" ind1=" " ind2=" ">
    <subfield code="a">English</subfield>
  </datafield>
  <datafield tag="082" ind1=" " ind2=" ">
    <subfield code="a">81.509 &#x92A;&#x93E;744&#x905;&#x903;&#x915;</subfield>
  </datafield>
  <datafield tag="245" ind1=" " ind2="0">
    <subfield code="a">&#x915;&#x91F;&#x927;&#x930;&#x947; &#x915;&#x93E; &#x915;&#x935;&#x93F; &#x927;&#x941;&#x92E;&#x93F;&#x932; &#x938;&#x941;&#x926;&#x93E;&#x92E;&#x93E; &#x92A;&#x94D;&#x930;&#x938;&#x93E;&#x926; &#x92A;&#x93E;&#x923;&#x94D;&#x921;&#x947;&#x92F;</subfield>
  </datafield>
  <datafield tag="260" ind1=" " ind2=" ">
    <subfield code="a">&#x91C;&#x92F;&#x92A;&#x941;&#x930;</subfield>
    <subfield code="b">&#x92A;&#x902;&#x91A;&#x936;&#x940;&#x932;</subfield>
    <subfield code="c">1979</subfield>
  </datafield>
  <datafield tag="300" ind1=" " ind2=" ">
    <subfield code="a">210 &#x92A;&#x943;. p.</subfield>
  </datafield>
  <datafield tag="942" ind1=" " ind2=" ">
    <subfield code="c">HN</subfield>
  </datafield>
  <datafield tag="952" ind1=" " ind2=" ">
    <subfield code="0">0</subfield>
    <subfield code="1">0</subfield>
    <subfield code="4">0</subfield>
    <subfield code="6">81_509000000000000_&#x92A;&#x93E;744&#x905;&#x903;&#x915;</subfield>
    <subfield code="7">0</subfield>
    <subfield code="9">330037</subfield>
    <subfield code="a">MAIN</subfield>
    <subfield code="b">MAIN</subfield>
    <subfield code="d">2010-11-26</subfield>
    <subfield code="g">30.00</subfield>
    <subfield code="l">0</subfield>
    <subfield code="o">81.509 &#x92A;&#x93E;744&#x905;&#x903;&#x915;</subfield>
    <subfield code="p">57874</subfield>
    <subfield code="r">2023-09-17 22:00:45</subfield>
    <subfield code="w">2023-09-17</subfield>
    <subfield code="y">HN</subfield>
    <subfield code="g">30</subfield>
  </datafield>
  <datafield tag="999" ind1=" " ind2=" ">
    <subfield code="c">199182</subfield>
    <subfield code="d">199182</subfield>
  </datafield>
</record>
